| 000 | 01239nam a2200301Ia 4500 | ||
|---|---|---|---|
| 001 | ebr10229727 | ||
| 003 | CaPaEBR | ||
| 006 | m u | ||
| 007 | cr cn||||||||| | ||
| 008 | 830504s2008 enka sb 000 0 eng d | ||
| 020 | _z9781846638145 | ||
| 040 |
_aCaPaEBR _cCaPaEBR |
||
| 035 | _a(OCoLC)646747682 | ||
| 050 | 1 | 4 |
_aZ671 _b.L69921 2008eb |
| 245 | 0 | 0 |
_aLibrary hi tech. _nVolume 26, Number 1, _pInformation orgnaization futures _h[electronic resource]. |
| 246 | 3 | 0 |
_aLibrary hitech. _nVolume 26, Number 1, _pInformation orgnaization futures |
| 260 |
_a[Bradford, England] : _bEmerald, _c2008. |
||
| 300 |
_a156 p. : _bill. |
||
| 490 | 0 |
_aLibrary hi tech ; _vv. 26, no. 1 |
|
| 504 | _aIncludes bibliographical references. | ||
| 533 |
_aElectronic reproduction. _bPalo Alto, Calif. : _cebrary, _d2009. _nAvailable via World Wide Web. _nAccess may be limited to ebrary affiliated libraries. |
||
| 650 | 0 | _aInformation science. | |
| 650 | 0 |
_aLibraries _xAutomation. |
|
| 650 | 0 |
_aLibrary science _xTechnological innovations. |
|
| 655 | 7 |
_aElectronic books. _2local |
|
| 710 | 2 | _aebrary, Inc. | |
| 856 | 4 | 0 |
_uhttp://site.ebrary.com/lib/rucke/Doc?id=10229727 _zAn electronic book accessible through the World Wide Web; click to view |
| 999 |
_c39044 _d39044 |
||